| 000 | 00944nam a22002537a 4500 | ||
|---|---|---|---|
| 005 | 20240530110400.0 | ||
| 008 | 150120s2009 ua o a 000 j ara d | ||
| 017 |
_a2009/1639 _bمصر . دار الكتب المصرية |
||
| 020 | _a9773043509 | ||
| 040 | _aEG-CaGPL | ||
| 041 | 1 |
_aara _heng |
|
| 082 | 0 | 4 |
_221 _a823.02 _bط/ ج د |
| 100 | 1 | _aجراى ، ك. | |
| 245 | 1 | 0 |
_aحقا حقا _cتاليف ك. جراى ؛ رسوم ن. شارات ؛ ترجمة رانية حسين امين |
| 260 |
_aالقاهرة : _bدار الياس العصرية للطباعة و النشر ، _c2009 |
||
| 300 |
_aبدون ترقيم : _bصور لو ؛ _c19 سم |
||
| 650 | 0 | 4 | _aكتب الاطفال |
| 650 | 0 | 4 | _aقصص الاطفال |
| 650 | 0 | 4 | _aثقافة الاطفال |
| 700 | 1 |
_aشارات ، ن. _eرسام |
|
| 700 | 0 |
_aرانية حسين امين _eمترجم |
|
| 942 |
_2ddc _cBK |
||
| 999 |
_c60252 _d60252 |
||